Libro de actas del III Congreso Internacional de Diversidad Sexual y Género en la Educación, la Filología y las Artes y del I Congreso Internacional de Diversidad Sexual y Género en la Psicología /

Bibliographic Details
Other Authors: Sánchez Torrejón, Begoña (Editor)
Format: Electronic eBook
Language:Spanish
Published: Madrid : Dykinson, S.L., [2025]
Subjects:
Online Access:Digitalia Hispánica

MARC

LEADER 00000nam a2200000 i 4500
001 DIGDYK4054
003 NyNyDIG
007 cr |||||||||||
008 250612s2025 sp a o 100 0 spa d
006 m o d
035 |a (OCoLC)1514629408 
040 |a DGITA  |b eng  |e rda  |e pn  |c DGITA 
020 |a 9791370060732 
050 1 4 |a HQ1075 ebook 
245 0 0 |a Libro de actas del III Congreso Internacional de Diversidad Sexual y Género en la Educación, la Filología y las Artes y del I Congreso Internacional de Diversidad Sexual y Género en la Psicología /  |c [edited by] Begoña Sánchez Torrejón [and 3 others]. 
264 1 |a Madrid :  |b Dykinson, S.L.,  |c [2025] 
300 |a 1 online resource :  |b color illustrations. 
336 |a text  |b txt  |2 rdacontent 
337 |a computer  |b c  |2 rdamedia 
338 |a online resource  |b cr  |2 rdacarrier 
347 |a text file  |2 rdaft 
347 |b PDF 
588 0 |a Online resource; title from PDF title page (Digitalia, viewed June 12, 2025) 
650 0 |a Gender identity  |v Congresses. 
650 0 |a Sex role  |v Congresses. 
650 0 |a Sex differences  |v Congresses. 
700 1 |a Sánchez Torrejón, Begoña,  |e editor. 
791 2 |a Digitalia (Firm),  |e distributor. 
793 0 |g Digitalia eBook Collection:  |a Dykinson Editorial 
856 4 0 |3 Digitalia Hispánica  |u https://www.digitaliapublishing.com/a/173093/ 
910 |a Premium collection: 2025